000
00284nam a2200109Ia 4500
008
220204s9999 xx 000 0 und d
082
_b
HAI
100
_a
Hailton
245
0
_a
How to sharpen your mental powers in business
260
_a
New York
_b
Alexander Hamilton
_c
1978
942
_c
BK
999
_c
36909
_d
36909